Breve historia de América
Uloženo v:
| Hlavní autor: | |
|---|---|
| Médium: | Kniha |
| Jazyk: | španělština |
| Vydáno: |
Santiago
Zig-Zag
1946
|
| Vydání: | 2a. ed |
| Témata: | |
| Tagy: |
Přidat tag
Žádné tagy, Buďte první, kdo vytvoří štítek k tomuto záznamu!
|
MARC
| LEADER | 00000nam a2200000 a 4500 | ||
|---|---|---|---|
| 001 | UCO2708 | ||
| 003 | CL-VaPUC | ||
| 008 | 000608e19460000CL |||||||||||||||||spa|d | ||
| 082 | 0 | 4 | |a 980 |b PER |2 21 |
| 100 | 0 | |a Pereyra, Carlos |e author |9 446224 | |
| 245 | 1 | 0 | |a Breve historia de América |
| 250 | |a 2a. ed | ||
| 300 | |a 586 p | ||
| 942 | |c BK | ||
| 945 | |d 20000608 00:00:00 |a rherrera | ||
| 260 | |a Santiago |b Zig-Zag |c 1946 | ||
| 650 | 0 | |a Historia de América |9 266076 | |
| 650 | 0 | |a Pueblos de América |9 446252 | |
| 650 | 0 | |a América Precolombina |9 446253 | |
| 650 | 0 | |a América colonial |9 446254 | |
| 650 | 0 | |a Independencia Americana |9 395691 | |
| 650 | 0 | |a Constituciones |9 255417 | |
| 650 | 7 | |a GOBIERNOS |2 CL-VaPUC |9 376544 | |
| 651 | 0 | |a América |9 255182 | |
| 583 | |a last modification |c 20000608 00:00:00 |k Rodrigo Vera | ||
| 999 | |c 289207 |d 289205 | ||
| 952 | |0 0 |1 0 |4 0 |6 980_000000000000000_PER_1946 |7 0 |8 X |9 337433 |a BIBHIS |b BIBHIS |d 2019-11-20 |i 1289659 |l 1 |o 980 PER 1946 |p 1289659 |r 2024-01-30 |s 2022-10-28 |w 2019-11-20 |y BK_X |k HIS | ||